000 01499 a2200241 4500
001 78
005 20260407155407.0
008 260407a2007 arg spa d
003 AR-UNSa-BCEJYS
040 _aAR-UNSa-BCEJYS
_bspa
_cAR-UNSa-BCEJYS
080 _a657.3
_xPresupuestos. Cierre de Cuentas. Balances (Estados Contables)
245 1 0 _aPresentación de estados contables
020 _a978-987-01-0662-3
250 _a1a. ed
264 1 _aBuenos Aires :
_bErrepar
_c2007
300 _a166 p.
_c27 cm
505 _a1. Normas contables - 2. Normas generales de exposición contable. Resolución técnica Nº 8 - 3. Normas particulares de exposición contable para entes comerciales, industriales y de servicio. Resolución técnica Nº 9 - 4. Normas particulares de exposición contable para entes sin fines de lucro. Resolución técnica Nº 11 - 5. Normas particulares de exposición contable para entes cooperativos. Resolución técnica Nº 24 - 6. Las Normas internacionales de contabilidad - 7. El estado de flujo de efectivo - 8. Información comparativa - 9. Información por segmentos - 10. Análisis de estados contables - 11. La resolución 6/2006 de la IGI y la memoria anual El estado de flujo de efectivo
942 _cBK
590 _aniveau_biblio:m niveau_hierar:0
100 1 _aPaulone, Héctor Mauricio
700 1 _aVeiras, Alberto
856 4 1 _uhttps://biblioeco.unsa.edu.ar/pmb/images/libros/Presentacion de estados contables2-l117372.jpg
_yImagen de portada
_qimage/jpeg
999 _c56
_d56